000
00305nam a22001337a 4500
999
_c
529724
_d
529724
003
NUST
038
_a
MSOHAIL
082
_a
0
100
_a
Gerald A Huber
_9
22350
245
_a
Methods to Achieve Rut-Resistant Durable Pavements
260
_a
Washington
_b
TRB
300
_a
61,p;
_c
28cm
942
_2
ddc
_c
BK